| Tag |
First Indicator |
Second Indicator |
Subfields |
| LEADER |
00000cam a2200000Ii 4500 |
| 001 |
in00003884616 |
| 005 |
20191119111401.0 |
| 008 |
160826t20172017mnu 000 1 eng d |
| 010 |
|
|
|a 2016951421
|
| 035 |
|
|
|a (OCoLC)ocn957021362
|
| 040 |
|
|
|a YDX
|e rda
|c YDX
|d BDX
|d DAD
|d CLE
|
| 020 |
|
|
|a 1555977820
|q (paperback)
|
| 020 |
|
|
|a 9781555977825
|q (paperback)
|
| 050 |
|
4 |
|a PS3555.V34
|b S6 2017
|
| 082 |
0 |
|
|a 813/.54
|2 23
|
| 049 |
|
|
|a TXAM
|
| 100 |
1 |
|
|a Everett, Percival,
|e author.
|
| 245 |
1 |
0 |
|a So much blue :
|b a novel /
|c Percival Everett.
|
| 264 |
|
1 |
|a Minneapolis :
|b Graywolf Press,
|c [2017].
|
| 264 |
|
4 |
|c ©2017.
|
| 300 |
|
|
|a 242 pages ;
|c 21 cm.
|
| 336 |
|
|
|a text
|b txt
|2 rdacontent
|
| 337 |
|
|
|a unmediated
|b n
|2 rdamedia
|
| 338 |
|
|
|a volume
|b nc
|2 rdacarrier
|
| 520 |
|
|
|a Kevin Pace's latest painting, like so much of his past, remains a secret. Ten years ago, he had an affair with a young watercolorist in Paris. And in the late 1970s, he traveled to El Salvador to search for his best friend's brother, a minor drug dealer gone missing in a country on the verge of war. When the past begins to resurface, Kevin struggles to justify the sacrifices he's made for his art and the secrets he's kept from his wife and family.
|
| 650 |
|
0 |
|a Painters
|v Fiction.
|
| 650 |
|
0 |
|a Adultery
|v Fiction.
|
| 650 |
|
0 |
|a Secrecy
|v Fiction.
|
| 655 |
|
0 |
|a Psychological fiction.
|
| 945 |
|
|
|b 159485
|
| 947 |
|
|
|a A14850150047
|
| 948 |
|
|
|a cataloged
|b h
|c 2019/11/19
|d c
|e dmitchel
|f 11:10:20 am
|
| 994 |
|
|
|a 92
|b TXA
|
| 999 |
f |
f |
|s aa6eddd1-0777-3dd3-af09-25b9a7673cac
|i 56329fc9-d233-397a-9d00-3f8d3b63ceca
|t 0
|
| 952 |
f |
f |
|p normal
|a Texas A&M University
|b College Station
|c Sterling C. Evans Library
|d Evans: Library Stacks
|t 0
|e PS3555.V34 S6 2017
|h Library of Congress classification
|i unmediated -- volume
|m A14850150047
|
| 998 |
f |
f |
|a PS3555.V34 S6 2017
|t 0
|l Evans: Library Stacks
|